স্নাতক ব্যবহারিক রসায়ন / (Record no. 44688)
[ view plain ]
| 000 -LEADER | |
|---|---|
| fixed length control field | 00955nam a2200241 a 4500 |
| 001 - CONTROL NUMBER | |
| control field | 44688 |
| 003 - CONTROL NUMBER IDENTIFIER | |
| rucl marc code | BD-RjUL |
| 005 - DATE AND TIME OF LATEST TRANSACTION | |
| control field | 20211209053912.0 |
| 008 - FIXED-LENGTH DATA ELEMENTS--GENERAL INFORMATION | |
| fixed length control field | 160719s1979 bg a|||| ||| 000 0 ben d |
| 020 ## - INTERNATIONAL STANDARD BOOK NUMBER | |
| Terms of availability | : Tk 30.00 |
| 035 ## - SYSTEM CONTROL NUMBER | |
| System control number | (BD-RjUL)44806 |
| 040 ## - CATALOGING SOURCE | |
| Original cataloging agency | BD-RjUL |
| Language of cataloging | ben |
| Transcribing agency | BD-RjUL |
| 041 ## - LANGUAGE CODE | |
| Language code of text/sound track or separate title | ben |
| 082 ## - DEWEY DECIMAL CLASSIFICATION NUMBER | |
| Edition number | 23 |
| Classification number | 540 |
| Author mark and year | PAS 1979 |
| 100 10 - MAIN ENTRY--PERSONAL NAME | |
| Personal name | পাল, সুভাস চন্দ্র |
| 9 (RLIN) | 137041 |
| 245 10 - TITLE STATEMENT | |
| Title | স্নাতক ব্যবহারিক রসায়ন / |
| Statement of responsibility, etc. | সুভাস চন্দ্র পাল ও পরিতোষ চক্রবর্তী |
| 260 ## - PUBLICATION, DISTRIBUTION, ETC. (IMPRINT) | |
| Place of publication, distribution, etc. | ঢাকা : |
| Name of publisher, distributor, etc. | এ. কে. এম. ফজলুর রহমান, এম. এ, |
| Date of publication, distribution, etc. | ১৯৭৯ |
| 300 ## - PHYSICAL DESCRIPTION | |
| Pagination | [৮] ৪১৮ পৃ. : |
| Illustrations | চিত্রাবলী. |
| Size | ২০ সেমি. |
| 650 ## - SUBJECT ADDED ENTRY--TOPICAL TERM | |
| Topical term or geographic name as entry element | রসায়ন |
| 9 (RLIN) | 137046 |
| Topical term or geographic name as entry element | Chemistry |
| 9 (RLIN) | 137047 |
| 700 ## - ADDED ENTRY--PERSONAL NAME | |
| Personal name | পরিতোষ চক্রবর্তী |
| 942 ## - ADDED ENTRY ELEMENTS (KOHA) | |
| Source of classification or shelving scheme | Dewey Decimal Classification |
| Koha item type | Books |
| Lost status | Source of classification or shelving scheme | Damaged status | Not for loan | Collection code | Permanent Location | Current Location | Shelving location | Date acquired | Source of acquisition | Cost, normal purchase price | Total Checkouts | Full call number | Date last seen | Copy number | Koha item type | Date checked out |
|---|---|---|---|---|---|---|---|---|---|---|---|---|---|---|---|---|
| Dewey Decimal Classification | Non-fiction | Central Library, University of Rajshahi | Central Library, University of Rajshahi | Aligarh Library Rajshahi | 30.00 | B 540 PAS 1979 | 19/07/2016 | C-2 | Books | |||||||
| Dewey Decimal Classification | Not For Loan | Non-fiction | Central Library, University of Rajshahi | Central Library, University of Rajshahi | Rare Book Section | Aligorh Library, Rajshahi | 30.00 | B 540 PAS 1979 | 09/08/2016 | C-1 | Books | |||||
| Dewey Decimal Classification | Non-fiction | Central Library, University of Rajshahi | Central Library, University of Rajshahi | 03/07/1983 | Aligorh Library, Rajshahi | 30.00 | B 540 PAS 1979 | 09/08/2016 | C-3 | Books | ||||||
| Dewey Decimal Classification | Non-fiction | Central Library, University of Rajshahi | Central Library, University of Rajshahi | 03/07/1983 | Aligorh Library, Rajshahi | 30.00 | B 540 PAS 1979 | 09/08/2016 | C-4 | Books | ||||||
| Dewey Decimal Classification | Non-fiction | Central Library, University of Rajshahi | Central Library, University of Rajshahi | 03/07/1983 | Aligorh Library, Rajshahi | 30.00 | B 540 PAS 1979 | 09/08/2016 | C-5 | Books | ||||||
| Dewey Decimal Classification | Non-fiction | Central Library, University of Rajshahi | Central Library, University of Rajshahi | 03/07/1983 | Aligorh Library, Rajshahi | 30.00 | B 540 PAS 1979 | 09/08/2016 | C-6 | Books | ||||||
| Dewey Decimal Classification | Non-fiction | Central Library, University of Rajshahi | Central Library, University of Rajshahi | 03/07/1983 | Aligorh Library, Rajshahi | 30.00 | B 540 PAS 1979 | 09/08/2016 | C-7 | Books | ||||||
| Dewey Decimal Classification | Non-fiction | Central Library, University of Rajshahi | Central Library, University of Rajshahi | 03/07/1983 | Aligorh Library, Rajshahi | 30.00 | B 540 PAS 1979 | 09/08/2016 | C-8 | Books | ||||||
| Dewey Decimal Classification | Non-fiction | Central Library, University of Rajshahi | Central Library, University of Rajshahi | 03/07/1983 | Aligorh Library, Rajshahi | 30.00 | 1 | B 540 PAS 1979 | 13/04/2022 | C-9 | Books | 12/04/2022 |